Jak dobrze znasz piosenkę "Miłość w Zakopanem" Sławomira? - Statystyki

Ogólne statystyki
  • Ten quiz został rozwiązany 172 razy
  • Średni wynik to 21 z 34
Statystyki odpowiedzi
Tekst Brakujące słowo % Poprawnych
Buzi ... teraz daj mi
93%
Miłość, ... w Zakopanem miłość
93%
Polewamy się ... szampanem
91%
Rozpędzona jak ... motocykl
87%
Teraz już wszystko ... wiem
87%
A ty ... nocy królową
86%
Miłość żarzy w twoje ... oczy
86%
Hej wypijemy wszyćkie ... aż do dna drinki
84%
Mówili jedź, bo tam podobno ... życie
77%
... jestem ja Rycerzem
76%
Tak piękni: ... i ja ty
76%
Cześć tu ... Sławomir
75%
A w mych ramionach ... Magdalena
73%
Tu dzisiaj oprócz .. nikogo nie ma nas
71%
Pamiętasz ... miła
70%
Życie ... w nas tętniło
70%
Gdzieś pod ... raj palmami
68%
Bawiłem ... się i w Ameryce grubo
67%
Lecz to w ojczyźnie właśnie nam się ... przydarzyła
63%
Splecione ... dwa ciała
59%
A potem więcej, gdy będziemy ... sami
56%
To był ... czas przepiękny
55%
Cekiny ... twe błyszczą
53%
Na niebie ... lśni słońce
51%
Przeganiasz ... chmury
49%
Didżej ... przygrywa
48%
To przecież ... góry
43%
Choć na parkiecie ... tłum
42%
Poranek, jasny ..., świt
38%
... kusisz mnie Uśmiechem
35%
Bo od wieczora, ..., znowu zaczynamy bejbe
34%
Szczęście ... nadpływa
32%
... leciutkie, bo Głowy
23%
Ty jesteś dzisiaj ... nim
21%
Nie znaleziono quizów pasujących do podanych kryteriów
Rozkład punktacji
Procent ludzi z każdym wynikiem
Percentyl według liczby udzielonych odpowiedzi
Twoja historia wyników
Nie rozwiązałeś tego quizu